| 000 | 00659nam a22001815i 4500 | ||
|---|---|---|---|
| 001 | 48546 | ||
| 003 | ES-MaACL | ||
| 005 | 20230906161754.0 | ||
| 007 | t| | ||
| 008 | 950724s1880 sp ||||1| spa d | ||
| 040 |
_aCAM _bspa _cCAM |
||
| 245 | 0 | 0 |
_aDerrotero de la costa septentrional de España que comprende desde el puerto de La Coruña hasta el río Bidasoa / _cpublicado por la Dirección de Hidrografía. |
| 260 |
_aMadrid : _bDepósito Hidrográfico, _c1880. |
||
| 300 |
_a[8], 386 p., [23] h. de lám. ; _c22 cm. |
||
| 650 | 4 |
_aDerroteros- _zEspaña. _9135905 |
|
| 710 | 1 |
_aEspaña. _bDirección de Hidrografía. _93694 |
|
| 852 |
_aES-MaACL _jG-11458 |
||
| 999 |
_c48546 _d48546 |
||